A people and a nation

Uloženo v:
Podrobná bibliografie
Hlavní autor: William Brophy
Médium: Kniha
Jazyk:Undetermined
Vydáno: Boston, Massachusetts Houghton Mifflin 1984
Témata:
Tagy: Přidat tag
Žádné tagy, Buďte první, kdo otaguje tento záznam!
Thư viện lưu trữ: Trung tâm Học liệu Trường Đại học Cần Thơ
LEADER 00486nam a2200181Ia 4500
001 CTU_43064
008 210402s9999 xx 000 0 und d
082 |a 973 
082 |b B873 
100 |a William Brophy 
245 2 |a A people and a nation 
245 0 |c William Brophy 
260 |a Boston, Massachusetts 
260 |b Houghton Mifflin 
260 |c 1984 
650 |a united states - history 
904 |i Minh, 010824 
980 |a Trung tâm Học liệu Trường Đại học Cần Thơ